00350nam a2200097Ia 4500008004100000020001800041100002000059245011300079260004600192300001400238171205s9999 xx 000 0 und d a9789715427494 aChua, Jonathan. cJonathan Chua, Rosario Cruz-Lucero, Rolando B. TolentinoaA Reader in Philippine Film: History and Criticism bUniversity of the Philippines Pressc2014 a227 pages